000 00562nam a2200169Ia 4500
008 090711s9999 xx 000 0 und d
082 _b66020
100 _aकर्णिक रमेश
245 _a"रत्निSाकित्सा (भाग 4, 5)"
260 _c1986
300 _a30+24+40
600 _aकर्णिक रमेश
630 _a"रत्निSाकित्सा (भाग 4, 5)"
700 _aकर्णिक रमेश
730 _a"रत्निSाकित्सा (भाग 4, 5)"
942 _cBOOK
999 _c308099
_d308099